Marine (Scotland) Act 2010 (Record no. 110642)
[ view plain ]
| 000 -LEADER | |
|---|---|
| fixed length control field | 01019cad a22002175a 4500 |
| 001 - CONTROL NUMBER | |
| control field | E149819 |
| 008 - FIXED-LENGTH DATA ELEMENTS--GENERAL INFORMATION | |
| fixed length control field | 100430s2010 xxk f s000 0 eng d |
| 035 ## - SYSTEM CONTROL NUMBER | |
| System control number | (Sirsi) u149819 |
| 041 0# - LANGUAGE CODE | |
| Language code of text/sound track or separate title | eng |
| 110 2# - MAIN ENTRY--CORPORATE NAME | |
| Corporate name or jurisdiction name as entry element | Scotland |
| Form subheading | Laws, etc |
| 245 00 - TITLE STATEMENT | |
| Title | Marine (Scotland) Act 2010 |
| Medium | [electronic resource] |
| 260 ## - PUBLICATION, DISTRIBUTION, ETC. | |
| Place of publication, distribution, etc. | [S.l.] |
| Name of publisher, distributor, etc. | OPSI |
| Date of publication, distribution, etc. | 2010 |
| 520 ## - SUMMARY, ETC. | |
| Summary, etc. | An Act which relates to various aspects of the Scottish marine area, including marine plans, licensing of marine activities, and marine conservation. Includes provision about marine plans, licensing of marine activities, the protection of the area and its wildlife including seals and regulation of sea fisheries. |
| 521 ## - TARGET AUDIENCE NOTE | |
| Target audience note | Advanced |
| 590 ## - LOCAL NOTE (RLIN) | |
| Local note | KA |
| 650 24 - SUBJECT ADDED ENTRY--TOPICAL TERM | |
| Topical term or geographic name entry element | MARINE (SCOTLAND) ACT 2010 |
| 651 #4 - SUBJECT ADDED ENTRY--GEOGRAPHIC NAME | |
| Geographic name | Scotland |
| Chronological subdivision | 1999- |
| 690 ## - LOCAL SUBJECT ADDED ENTRY--TOPICAL TERM (OCLC, RLIN) | |
| Topical term or geographic name as entry element | PROPERTY-RURAL AND NATURAL ASSETS-MARINE RESOURCES-MARINE RESOURCE MANAGEMENT |
| 856 40 - ELECTRONIC LOCATION AND ACCESS | |
| Uniform Resource Identifier | <a href="https://www.opsi.gov.uk/legislation/scotland/acts2010/asp_20100005_en_1">https://www.opsi.gov.uk/legislation/scotland/acts2010/asp_20100005_en_1</a> |
| Public note | View the Act free of charge at www.opsi.gov.uk... |
| 942 ## - ADDED ENTRY ELEMENTS (KOHA) | |
| Suppress in OPAC | 0 |
| Withdrawn status | Lost status | Source of classification or shelving scheme | Damaged status | Not for loan | Home library | Current library | Shelving location | Date acquired | Total Checkouts | Full call number | Barcode | Date last seen | Copy number | Price effective from | Koha item type |
|---|---|---|---|---|---|---|---|---|---|---|---|---|---|---|---|
| Dewey Decimal Classification | Virtual | Virtual | Online | 30/04/2010 | ONLINE PUBLICATION | 149819-2001 | 06/08/2019 | 1 | 06/08/2019 | Book |